000 00738nam a2200265Ia 4500
005 20260302114713.0
008 008 260114s9999 xx 000 0 eng d
020 _a9781350434134
037 _aTextbook
040 _aCRL
040 _beng
040 _cCRL
041 _2eng
041 _aeng
084 _qCRL
100 _aAmy Webster
_91119499
245 0 _aSerialization, Commercialization and the Children’s Classics British Series from the 20th Century
260 _bBloomsbury
260 _bBloomsbury Academic
260 _c2024
650 _aLiterary Studies
856 _uhttps://doi.org/10.5040/9781350434134?locatt=label:secondary_bloomsburyCollections
942 _cEBOOK
999 _c1683540
_d1683540